=LDR 00000nam 2200000 4500 =001 NUTBA000000000004944 =005 20141014152227.0 =006 =007 =008 =020 ##$$a 979-170885-1 =035 ##$$a 0010-101400000000174 =040 ##$$a NBPDMAT =082 ##$$a 612.8 =090 ##$$a 612.8 $b Abd c =100 ##$$a Abdul Ghofar =245 ##$$a Cara dahsyat me-revolusi kemampuan otak / $c Abdul Ghafar ; penyunting, Chrisna F =260 ##$$a Yogyakarta : $b Golden Books, $c 2009 =300 ##$$a 139 hlm. ; $c 20 cm. =650 ##$$a Otak =700 ##$$a Chrisna Farmadiani